| 000 | 00769nam a22002777a 4500 | ||
|---|---|---|---|
| 001 | 0000168 | ||
| 003 | KOHA_MİRAKIL | ||
| 005 | 20260207001201.0 | ||
| 007 | ta | ||
| 008 | 081212b1999 tu |||gr||||#||||0|tur | | ||
| 020 |
_a9755910662 _cTL9,69 |
||
| 040 |
_aTR-BiSEU _btur _cTR-BiSEU _erda |
||
| 041 | 0 | _atur | |
| 044 | _ctu | ||
| 050 |
_aS494.5 _b.H37 1999 |
||
| 245 | 0 |
_aHassas uygulamalı tarım teknolojisi/ _cVahit kirişçi ...[ve bşk.]. |
|
| 264 | 1 |
_aAnkara : _bNobel Yayıncılık _c1999 |
|
| 300 | _a186 sayfa | ||
| 336 |
_ametin _btxt _2rdacontent |
||
| 337 |
_aaracısız _bn _2rdamedia |
||
| 338 |
_acilt _bnc _2rdacarrier |
||
| 490 | 1 |
_aYayın no ; _v88. |
|
| 650 | 0 |
_aTarımsal yenilikler. _91968 |
|
| 830 | 1 |
_aYayın no ; _v88. _91619 |
|
| 942 |
_2lcc _cBK |
||
| 999 |
_c169 _d169 |
||